Multi-agent systems : theories, languages and applications : 4th Australian Workshop on Distributed Artificial Intelligence Brisbane, OLD, Austrialia, July 13, 1998 : selected papers

Αποθηκεύτηκε σε:
Λεπτομέρειες βιβλιογραφικής εγγραφής
Συγγραφή απο Οργανισμό/Αρχή: Australian Workshop on DAI Brisbane, Qld.
Άλλοι συγγραφείς: Zhang, Chengqi, 1957- (Επιμελητής έκδοσης), Lukose, Dickson (Επιμελητής έκδοσης)
Μορφή: Πρακτικό Συνεδρίου Βιβλίο
Γλώσσα:English
Δημοσίευση: Berlin ; Heidelberg : Springer, c1998
Σειρά:Lecture notes in computer science. Lecture notes in artificial intelligence ; ; 1544
Θέματα:
Ετικέτες: Προσθήκη ετικέτας
Δεν υπάρχουν, Καταχωρήστε ετικέτα πρώτοι!

MARC

LEADER 00000cam a2200000 i 4500
001 1/4119
008 000327s1998 eng d
020 |a 3-540-65477-1 
035 |l 10061042 
040 |a GR-MY-UA  |b gre  |e aacr 
041 0 |a eng 
082 0 |a 006.3 
111 2 |a Australian Workshop on DAI   |n (4th :   |d 1998 :   |c Brisbane, Qld.) 
245 1 0 |a Multi-agent systems :  |b theories, languages and applications : 4th Australian Workshop on Distributed Artificial Intelligence Brisbane, OLD, Austrialia, July 13, 1998 : selected papers /  |c Chengqi Zhang, Dickson Lukose, (eds.) 
260 |a Berlin ; Heidelberg :   |b Springer,   |c c1998 
300 |a vii, 195 p.;  |b ill.;  |c 24 cm. 
490 1 |a Lecture notes in computer science. Lecture notes in artificial intelligence  |v ; 1544 
490 1 |a Lecture notes in artificial intelligence 
504 |a Includes bibliographical references and index 
650 0 0 |a Electronic data processing  |x Distributed processing  |x Congresses. 
650 0 0 |a Distributed artificial intelligence  |x Congresses. 
700 1 |a Zhang, Chengqi,   |d 1957-  |4 edt 
700 1 |a Lukose, Dickson.  |4 edt 
830 0 |a Lecture notes in computer science.   |p Lecture notes in artificial intelligence ;  |v ; 1544 
852 |a INST  |b CHIOS  |e 20000524  |h 006.3 AUS  |p 005200017723  |q 005200017723  |t BK  |y 0 
852 |a INST  |b SAMOS  |e 20000327  |h 006.3 AUS  |p 005300015817  |q 005300015817  |t BK  |y 0 
901 |a BIBL3-2000-1 
909 |a Σ  |b 072783 
909 |a Χ  |b 077999 
922 |a 3ΕΛΗ  |b 199912  |c ΤΠΕΣ  |d ΠΑΠΑΣΩΤΗΡΙΟΥ 
922 |a 2ΕΛΗ  |b 200005  |c ΤΔΕ  |d ΠΑΠΑΣΩΤΗΡΙΟΥ 
950 |a 112-1999-11-03 
950 |a 133-1999-07-20 
970 |a ΓΕΝΟΥΖΟΥ  |b ΧΡΥΣΑΝΘΗ  |z 2000/03/27